000 00789nam a2200277 i 4500
001 C2-0281832
003 PPAK
005 20180728012325.0
008 070905s2001 nyu |||| ||||| | eng d
020 _a0439165857
040 _aPPAK
_beng
_cPPAK
_erda
082 0 4 _a975.501092
_223
090 0 0 _a975.501092
_bSUL
_dLCK
100 1 _aSullivan, George,
_eauthor
245 1 0 _aPocahontas
264 1 _aNew York :
_bScholastic ,
_c2001
300 _a128 pages ;
_c19 cm
336 _2rdacontent
_atext
337 _2rdamedia
_aunmediated
338 _2rdacarrier
_avolume
490 1 _ain their own words
500 _aIncludes bibliographical references and index
650 1 0 _aPocahontas, d. 1617 ; Powhatan Indians--Biography
830 0 _ain their own words
942 _ddc
_cB
999 _c88130
_d88130